Fertilizer use in the United States by crops and areas, 1964 estimates / (Record no. 12263)

MARC details
000 -LEADER
fixed length control field 01144cam a22003131a 4500
001 - CONTROL NUMBER
control field agr67000321
003 - CONTROL NUMBER IDENTIFIER
control field DLC
005 - DATE AND TIME OF LATEST TRANSACTION
control field 20260227111027.0
008 - FIXED-LENGTH DATA ELEMENTS--GENERAL INFORMATION
fixed length control field 830801s1967 dcub s f000 0 eng
010 ## - LIBRARY OF CONGRESS CONTROL NUMBER
LC control number agr67000321
035 ## - SYSTEM CONTROL NUMBER
System control number (OCoLC)9762759
040 ## - CATALOGING SOURCE
Original cataloging agency DLC
Transcribing agency WU-A
Modifying agency DNAL
-- OrPS
-- DLC
042 ## - AUTHENTICATION CODE
Authentication code premarc
043 ## - GEOGRAPHIC AREA CODE
Geographic area code n-us---
050 00 - LIBRARY OF CONGRESS CALL NUMBER
Classification number S633.2
Item number .I2
070 0# - NATIONAL AGRICULTURAL LIBRARY CALL NUMBER
Classification number 1
Item number Ag84St no.408
072 0# - SUBJECT CATEGORY CODE
Subject category code J500
086 0# - GOVERNMENT DOCUMENT CLASSIFICATION NUMBER
Classification number A 1.34:408
100 1# - MAIN ENTRY--PERSONAL NAME
Personal name Ibach, D. B.
Fuller form of name (Donald Bryan),
Dates associated with a name 1900-
245 10 - TITLE STATEMENT
Title Fertilizer use in the United States by crops and areas, 1964 estimates /
Statement of responsibility, etc. [by D.B. Ibach and J.R. Adams].
260 ## - PUBLICATION, DISTRIBUTION, ETC.
Place of publication, distribution, etc. Washington, D.C. :
Name of publisher, distributor, etc. U.S. Dept. of Agriculture, Economic Research Service and Statistical Reporting Service,
Date of publication, distribution, etc. 1967.
300 ## - PHYSICAL DESCRIPTION
Extent 384 p. :
Other physical details maps ;
Dimensions 26 cm.
490 1# - SERIES STATEMENT
Series statement Statistical bulletin / United States Department of Agriculture ;
Volume/sequential designation no. 408
500 ## - GENERAL NOTE
General note Cover title.
500 ## - GENERAL NOTE
General note Chiefly tables.
650 #0 - SUBJECT ADDED ENTRY--TOPICAL TERM
Topical term or geographic name entry element Fertilizers
Geographic subdivision United States
Form subdivision Statistics.
700 1# - ADDED ENTRY--PERSONAL NAME
Personal name Adams, J. Richard
Fuller form of name (James Richard),
Dates associated with a name 1898-
830 #0 - SERIES ADDED ENTRY--UNIFORM TITLE
Uniform title Statistical bulletin (United States. Department of Agriculture) ;
Volume/sequential designation no. 408.

No items available.

Powered by Koha